Harry Potter and The Prisoner of Azkaban - Statistics

General Stats
  • This quiz has been taken 63 times
  • The average score is 9 of 15
Answer Stats
Hint Answer % Correct
What species is Buckbeak A Hippogriff
90%
What is left of Peter Pettigrew A finger
88%
What do Sirius' friends call him Padfoot
86%
Who gives Hermione the timeturner Professor McGonagall
82%
What do you say in order to close the Marauders Map Mischief managed
78%
What is the only subject Hermione isn't good at Divination
76%
What is the name of Aunt Marge's dog Ripper
74%
Who plays Sirius Black in the movie Gary Oldman
70%
What word puts out the spell 'Lumos' Nox
66%
Who does Sirius befriend while in dog form Crookshanks
50%
What is the name of the executioner Walden Macnair
46%
Who's painting replaced The Fat Lady after she was attacked Sir Cadogan
44%
What statue has a secret passageway leading to Honeydukes The one-eyed witch
26%
What do you touch to stop the Whomping Willow The knot
22%
What street was Harry on when he was picked up by the Knight Bus Magnolia Crescent
16%
No matching quizzes found
Score Distribution
Percent of People with Each Score
Percentile by Number Answered
Your Score History
You have not taken this quiz